[Event "ch-RUS Rapid 2016"]
[Site "Sochi RUS"]
[Date "2016.10.03"]
[Round "6.15"]
[White "Gabrielian, Artur"]
[Black "Pridorozhni, Aleksei"]
[Result "1-0"]
[WhiteTitle "GM"]
[BlackTitle "GM"]
[WhiteElo "2524"]
[BlackElo "2579"]
[WhiteFideId "4131002"]
[BlackFideId "4127870"]
[EventDate "2016.10.02"]

1. e4 e5 2. Nf3 Nc6 3. Bb5 a6 4. Ba4 Nf6 5. O-O Be7 6. d3 d6 7. c3 O-O 8. Nbd2
b5 9. Bc2 Bb7 10. Re1 Re8 11. Nf1 Bf8 12. a4 g6 13. b4 Bg7 14. Bb3 d5 15. Qc2
Qd6 16. Qa2 Rad8 17. Bg5 Ne7 18. Be3 Nc6 19. Bc5 Qd7 20. Ne3 d4 21. Ng5 Rf8 22.
Bxf8 Rxf8 23. cxd4 Nxd4 24. axb5 axb5 25. Bd1 Ra8 26. Qb1 Rxa1 27. Qxa1 Qe7 28.
Qc3 Bf8 29. Rf1 Ne8 30. Nf3 Qxb4 31. Qxb4 Bxb4 32. Nxe5 Bc3 33. Nf3 c5 34. Nxd4
cxd4 35. Nd5 Bxd5 36. exd5 Kf8 37. Bb3 Ke7 38. Rc1 Kd6 39. Kf1 Nc7 40. Ke2 Na6
41. Rb1 Nc7 42. Ba2 f6 43. f4 Kc5 44. g4 Ne8 45. h4 Ng7 46. d6 Ba5 47. d7 Bc7
48. Kf3 f5 49. g5 Kd6 50. Rxb5 Kxd7 51. Rd5+ Ke7 52. Rxd4 1-0

[Event "ch-RUS Rapid 2016"]
[Site "Sochi RUS"]
[Date "2016.10.03"]
[Round "6.16"]
[White "Chigaev, Maksim"]
[Black "Potapov, Pavel"]
[Result "1/2-1/2"]
[WhiteTitle "IM"]
[BlackTitle "GM"]
[WhiteElo "2551"]
[BlackElo "2493"]
[WhiteFideId "4108116"]
[BlackFideId "4169786"]
[EventDate "2016.10.02"]

1. e4 d5 2. exd5 Qxd5 3. Nf3 Nf6 4. Nc3 Qd6 5. d4 g6 6. Nb5 Qb6 7. c4 c6 8. Nc3
Bg7 9. Be2 O-O 10. O-O Bg4 11. Qb3 Nbd7 12. Be3 Rfe8 13. h3 Bxf3 14. Bxf3 e5 15.
d5 Qxb3 16. axb3 e4 17. dxc6 bxc6 18. Bd1 Ne5 19. Bc2 Nd3 20. Nxe4 Nb4 21. Nxf6+
Bxf6 22. Bb1 a5 23. Bb6 Ra6 24. Bxa5 Rea8 25. Ra4 Rxa5 26. Rxb4 c5 27. Rb6 Bxb2
28. Be4 R8a7 29. b4 cxb4 30. Rxb4 Bd4 31. Rd1 Bc5 32. Rb5 Rxb5 33. cxb5 Ra2 34.
Rf1 Rb2 35. Bc6 Kg7 36. g4 Kf6 37. Kg2 Kg5 38. Be8 f5 39. gxf5 gxf5 40. Kf3 Rb3+
41. Kg2 Rb2 1/2-1/2

[Event "ch-RUS Rapid 2016"]
[Site "Sochi RUS"]
[Date "2016.10.03"]
[Round "6.17"]
[White "Sakaev, Konstantin"]
[Black "Nechaev, Oleg"]
[Result "1-0"]
[WhiteTitle "GM"]
[BlackTitle "FM"]
[WhiteElo "2594"]
[BlackElo "2358"]
[WhiteFideId "4104226"]
[BlackFideId "24113409"]
[EventDate "2016.10.02"]

1. d4 Nf6 2. c4 c5 3. d5 b5 4. cxb5 a6 5. bxa6 g6 6. Nc3 Bxa6 7. e4 Bxf1 8. Kxf1
d6 9. Nf3 Bg7 10. g3 O-O 11. Kg2 Nbd7 12. a4 Qb6 13. Qc2 Rfb8 14. Nb5 Ne8 15.
Bg5 Nc7 16. Nxc7 Qxc7 17. Rab1 Qb6 18. b3 Rb7 19. Nd2 Ne5 20. Bf4 Nd7 21. Nc4
Qa6 22. Na3 Nf6 23. Rhe1 Ne8 24. Nc4 Nf6 25. Bd2 Nd7 26. Na5 Rbb8 27. Nc6 Re8
28. a5 Ne5 29. b4 cxb4 30. Bxb4 Rac8 31. Rec1 Nxc6 32. dxc6 Rc7 33. Qc4 Qa8 34.
Bd2 Rec8 35. Rb6 h6 36. a6 e6 37. Be3 Ra7 38. Qb5 d5 39. exd5 exd5 40. Qxd5 Rxa6
41. Rb7 Rf8 42. Bc5 Ra5 43. Qf3 1-0

[Event "ch-RUS Rapid 2016"]
[Site "Sochi RUS"]
[Date "2016.10.03"]
[Round "6.18"]
[White "Denisov, Ivan"]
[Black "Romanov, Evgeny"]
[Result "0-1"]
[WhiteTitle "IM"]
[BlackTitle "GM"]
[WhiteElo "2400"]
[BlackElo "2619"]
[WhiteFideId "24119466"]
[BlackFideId "4148843"]
[EventDate "2016.10.02"]

1. e4 e5 2. Nf3 Nc6 3. Bc4 Bc5 4. c3 Nf6 5. d3 a6 6. Bb3 Ba7 7. Nbd2 O-O 8. O-O
d6 9. Nc4 h6 10. Ne3 Ne7 11. Nh4 d5 12. Qf3 d4 13. Nef5 Bxf5 14. Nxf5 Nxf5 15.
exf5 c6 16. Qg3 Qd6 17. Bd1 Kh7 18. c4 Rae8 19. Bf3 Bb8 20. Bd2 e4 21. Qxd6 Bxd6
22. Be2 Re7 23. Rad1 Rfe8 24. Bc1 Bc5 25. a3 a5 26. Bd2 a4 27. Bf4 Kg8 28. h3
Rd7 29. g4 Bd6 30. Bc1 e3 31. fxe3 dxe3 32. d4 Ne4 33. Rf3 Ng5 34. Rxe3 Rxe3 35.
Bxe3 Nxh3+ 36. Kf1 Bf4 37. Bxf4 Nxf4 38. Bf3 Kf8 39. Kf2 Nh3+ 40. Ke3 Re7+ 41.
Kd3 Nf2+ 42. Kd2 Nxd1 43. Bxd1 g6 44. fxg6 fxg6 45. Kd3 Re1 46. Kd2 Rg1 47. Bf3
Ke7 48. d5 cxd5 49. cxd5 Kd6 50. Kd3 Rg3 51. Ke2 Rxf3 0-1

[Event "ch-RUS Rapid 2016"]
[Site "Sochi RUS"]
[Date "2016.10.03"]
[Round "6.19"]
[White "Zakhartsov, Vladimir"]
[Black "Levin, Evgeny A."]
[Result "1/2-1/2"]
[WhiteTitle "IM"]
[BlackTitle "GM"]
[WhiteElo "2452"]
[BlackElo "2505"]
[WhiteFideId "4145097"]
[BlackFideId "4182596"]
[EventDate "2016.10.02"]

1. e4 e6 2. d4 d5 3. Nd2 c5 4. exd5 Qxd5 5. dxc5 Qxc5 6. Ngf3 Nf6 7. Bd3 Nbd7 8.
Qe2 Qc7 9. O-O Nc5 10. Bb5+ Bd7 11. Bxd7+ Ncxd7 12. c4 Be7 13. b3 O-O 14. Bb2
Rfd8 15. Rfd1 a6 16. h3 Rac8 17. Ne5 Nxe5 18. Bxe5 Qc6 19. Nf3 Qe4 20. Qb2 Rxd1+
21. Rxd1 Rd8 22. Rxd8+ Bxd8 23. Qd4 Qxd4 24. Bxd4 Nd7 25. Kf1 Kf8 26. Ne5 Nxe5
27. Bxe5 g6 28. Ke2 Ke8 29. Kd3 Kd7 30. c5 Kc6 31. Kc4 Bh4 32. g3 Be7 33. b4 Bd8
34. Bd4 Be7 35. a4 Bd8 36. b5+ axb5+ 37. axb5+ Kd7 38. Be5 Ba5 39. g4 Be1 40. f3
Bf2 41. Bd4 Be1 42. Kd3 Bg3 43. Ke4 Bh4 44. f4 f5+ 45. gxf5 gxf5+ 46. Kd3 Bg3
47. Be5 Bf2 48. Kc4 Be3 49. Kb4 Bd2+ 50. Kc4 Be3 51. Kb4 1/2-1/2

[Event "ch-RUS Rapid 2016"]
[Site "Sochi RUS"]
[Date "2016.10.03"]
[Round "6.20"]
[White "Vastrukhin, Oleg"]
[Black "Konaplev, Anton"]
[Result "1-0"]
[WhiteElo "2392"]
[BlackElo "2185"]
[WhiteFideId "4192770"]
[BlackFideId "24165646"]
[EventDate "2016.10.02"]

1. Nf3 Nf6 2. g3 d5 3. Bg2 e6 4. O-O Be7 5. d3 O-O 6. Nbd2 c5 7. e4 Nc6 8. Re1
Re8 9. e5 Nd7 10. h4 f6 11. exf6 Bxf6 12. Nf1 Nf8 13. Ne3 Bd7 14. Ng4 e5 15. Ng5
Bf5 16. Ne3 Ne7 17. c4 dxc4 18. dxc4 Bxg5 19. hxg5 Qc7 20. Nd5 Nxd5 21. Qxd5+
Be6 22. Qxb7 Qxb7 23. Bxb7 Rab8 24. Bc6 Rec8 25. Bf3 Nd7 26. b3 a5 27. Bb2 Bxc4
28. bxc4 Rxb2 29. Bg4 Rc7 30. Rad1 Rbb7 31. Rd6 Kf8 32. Red1 Nb6 33. Rc1 e4 34.
Bf5 Re7 35. Bxh7 Re5 36. Bg6 Ke7 37. Rdd1 Re6 38. Bh7 g6 39. Bg8 Re5 40. Rb1 Rb8
41. Bd5 Ke8 42. Rb5 Kf8 43. Rdb1 1-0

[Event "ch-RUS Rapid 2016"]
[Site "Sochi RUS"]
[Date "2016.10.03"]
[Round "7.1"]
[White "Andreikin, Dmitry"]
[Black "Artemiev, Vladislav"]
[Result "1/2-1/2"]
[WhiteTitle "GM"]
[BlackTitle "GM"]
[WhiteElo "2736"]
[BlackElo "2663"]
[WhiteFideId "4158814"]
[BlackFideId "24101605"]
[EventDate "2016.10.02"]

1. e4 c5 2. Nf3 d6 3. d4 cxd4 4. Qxd4 a6 5. c4 Nf6 6. Nc3 e6 7. Be3 Nbd7 8. Rd1
Qc7 9. Qd2 b6 10. Bd3 Bb7 11. O-O Be7 12. Bf4 O-O 13. Rfe1 Rfd8 14. h3 Rac8 15.
Bh2 Qb8 16. Qe3 Qa8 17. Bf1 Nc5 18. b4 Ncxe4 19. Na4 Nd7 20. Nxb6 Nxb6 21. Qxb6
Nc3 22. Rc1 Bf6 23. Qa5 Bxf3 24. gxf3 Bd4 25. Kg2 Qa7 26. Qa3 Bxf2 27. Qxc3 Bxe1
28. Qxe1 Qe7 29. Rd1 h6 30. a4 d5 31. c5 a5 32. Ba6 Ra8 33. b5 Qxc5 34. Bb7 Ra7
35. Bc6 Qc2+ 36. Qd2 Qg6+ 37. Kh1 Qf5 38. Qe3 Re7 39. b6 Qxh3 40. b7 Rc7 41. Rc1
Rxc6 42. Rxc6 Qf1+ 43. Bg1 Qh3+ 44. Bh2 Qf1+ 1/2-1/2

[Event "ch-RUS Rapid 2016"]
[Site "Sochi RUS"]
[Date "2016.10.03"]
[Round "7.3"]
[White "Yuffa, Daniil"]
[Black "Riazantsev, Alexander"]
[Result "1-0"]
[WhiteTitle "IM"]
[BlackTitle "GM"]
[WhiteElo "2534"]
[BlackElo "2651"]
[WhiteFideId "24131423"]
[BlackFideId "4125029"]
[EventDate "2016.10.02"]

1. d4 Nf6 2. c4 e6 3. g3 Bb4+ 4. Bd2 Be7 5. Bg2 d5 6. Nf3 Nbd7 7. Qc2 O-O 8. O-O
c6 9. Rd1 a5 10. b3 b6 11. Bc3 Ne4 12. Nbd2 Nxc3 13. Qxc3 Bb7 14. e4 Rc8 15. Qb2
Qc7 16. Rac1 Qd6 17. Qb1 Rfd8 18. Ne1 Qb8 19. Nd3 h6 20. exd5 cxd5 21. cxd5 exd5
22. Nf4 Rxc1 23. Rxc1 Qd6 24. Nf3 Nf6 25. Ne5 Rc8 26. Rxc8+ Bxc8 27. Qc2 Bb7 28.
Nxf7 Kxf7 29. Qg6+ Kg8 30. Bh3 Qb4 31. Be6+ Kh8 32. Bf5 Ba6 33. Qh7+ 1-0

[Event "ch-RUS Rapid 2016"]
[Site "Sochi RUS"]
[Date "2016.10.03"]
[Round "7.4"]
[White "Alekseev, Evgeny"]
[Black "Moiseenko, Vadim"]
[Result "0-1"]
[WhiteTitle "GM"]
[BlackTitle "IM"]
[WhiteElo "2636"]
[BlackElo "2528"]
[WhiteFideId "4138147"]
[BlackFideId "4123700"]
[EventDate "2016.10.02"]

1. e4 c5 2. Nf3 Nf6 3. e5 Nd5 4. d4 cxd4 5. c3 Nc6 6. Bc4 e6 7. cxd4 d6 8. O-O
Be7 9. Bd2 Nb6 10. Bb3 dxe5 11. dxe5 Nd4 12. Nxd4 Qxd4 13. Qe2 Bd7 14. Nc3 O-O
15. Rad1 Bc6 16. Bc2 Qh4 17. Ne4 Rfd8 18. Bc1 a6 19. Rfe1 Nd5 20. g3 Qh3 21. a3
Rac8 22. Bb1 Ba4 23. Rd2 Rc7 24. Rd4 Bb5 25. Qf3 h6 26. Bd2 Rcd7 27. Rc1 Bc6 28.
Ba5 Nc7 29. Rxd7 Rxd7 30. Bd3 Nb5 31. Bf1 Nd4 32. Qe3 Qg4 33. Nd2 Bg5 34. f4 Nf5
35. Qe2 Bxf4 0-1

[Event "ch-RUS Rapid 2016"]
[Site "Sochi RUS"]
[Date "2016.10.03"]
[Round "7.5"]
[White "Dreev, Aleksey"]
[Black "Gabrielian, Artur"]
[Result "1-0"]
[WhiteTitle "GM"]
[BlackTitle "GM"]
[WhiteElo "2660"]
[BlackElo "2524"]
[WhiteFideId "4100107"]
[BlackFideId "4131002"]
[EventDate "2016.10.02"]

1. d4 Nf6 2. Nf3 g6 3. g3 Bg7 4. Bg2 O-O 5. O-O d5 6. c4 dxc4 7. Na3 c3 8. bxc3
c5 9. Re1 Nc6 10. Bb2 Bf5 11. Nh4 Be6 12. e4 cxd4 13. cxd4 Ne8 14. Nf3 Qb6 15.
Bc3 Rd8 16. Nc2 Nd6 17. a4 Bg4 18. h3 Bxf3 19. Bxf3 Nc4 20. Rb1 Qa6 21. Be2 Qxa4
22. Nb4 Qxd1 23. Rexd1 Nxb4 24. Bxb4 Nd6 25. Bf3 b6 26. g4 f6 27. Kg2 Rc8 28.
Re1 Rc7 29. e5 fxe5 30. dxe5 Nf7 31. Bd5 Kh8 32. f4 g5 33. Bxf7 Rxf7 34. f5 h5
35. f6 Bf8 36. Rbc1 Rxc1 37. Rxc1 exf6 38. e6 Bxb4 39. exf7 hxg4 40. hxg4 Kg7
41. Rc7 a5 42. Ra7 Kf8 43. Kf3 Be7 44. Ke4 Kxf7 45. Kf5 Kf8 46. Ke6 Bc5 47. Kxf6
Bd4+ 48. Kxg5 Ke8 49. Kf5 Kf8 50. g5 Bc3 51. Kg6 b5 52. Kh7 a4 53. g6 Ke8 54. g7
Bxg7 55. Kxg7 1-0

[Event "ch-RUS Rapid 2016"]
[Site "Sochi RUS"]
[Date "2016.10.03"]
[Round "7.6"]
[White "Golubov, Saveliy"]
[Black "Matlakov, Maxim"]
[Result "0-1"]
[WhiteTitle "IM"]
[BlackTitle "GM"]
[WhiteElo "2481"]
[BlackElo "2691"]
[WhiteFideId "24176729"]
[BlackFideId "4168003"]
[EventDate "2016.10.02"]

1. d4 Nf6 2. Nf3 d5 3. Bf4 c5 4. e3 Nc6 5. c3 Nh5 6. Bg5 h6 7. Bh4 g5 8. Nfd2
Ng7 9. Bg3 Nf5 10. dxc5 h5 11. h3 Nxg3 12. fxg3 Qc7 13. Kf2 e6 14. b4 a5 15. Bb5
Bg7 16. Qa4 h4 17. gxh4 gxh4 18. Nf3 Bd7 19. Bxc6 bxc6 20. Rc1 Qg3+ 21. Kf1 Rg8
22. Rc2 e5 23. Re2 Ke7 24. Qd1 Bxh3 25. Nbd2 e4 26. gxh3 exf3 27. Rf2 Bxc3 28.
Nxf3 Qxh3+ 29. Ke2 axb4 30. a4 Rg2 31. Rb1 Rag8 32. Qh1 Rxf2+ 33. Kxf2 Qxh1 34.
Rxh1 Ra8 35. Nxh4 Rxa4 36. Ke2 Ra2+ 37. Kf3 b3 38. Nf5+ Ke6 39. e4 dxe4+ 40. Kf4
Be5+ 41. Kg5 Rg2+ 0-1

[Event "ch-RUS Rapid 2016"]
[Site "Sochi RUS"]
[Date "2016.10.03"]
[Round "7.7"]
[White "Rakhmanov, Aleksandr"]
[Black "Sakaev, Konstantin"]
[Result "1-0"]
[WhiteTitle "GM"]
[BlackTitle "GM"]
[WhiteElo "2662"]
[BlackElo "2594"]
[WhiteFideId "4173708"]
[BlackFideId "4104226"]
[EventDate "2016.10.02"]

1. c4 e5 2. Nf3 Nc6 3. d4 exd4 4. Nxd4 Nf6 5. Nxc6 bxc6 6. g3 Bb4+ 7. Bd2 Bc5 8.
Bg2 Rb8 9. Qc2 O-O 10. O-O Re8 11. e3 Bd6 12. Nc3 Be5 13. Na4 d5 14. cxd5 cxd5
15. Bc3 Ng4 16. Rac1 c6 17. Bd4 Bxd4 18. exd4 Rb4 19. Rfd1 Rc4 20. Nc3 Rb4 21.
Qd2 Rb7 22. Re1 Rbe7 23. Rxe7 Qxe7 24. Na4 h5 25. h3 Nf6 26. Nc5 Qe2 27. Rd1
Qxd2 28. Rxd2 Re1+ 29. Kh2 Bf5 30. f3 g5 31. g4 Bb1 32. a3 h4 33. Rf2 Bg6 34.
Na6 Rd1 35. Nb4 Rxd4 36. Nxc6 Rd1 1-0

[Event "ch-RUS Rapid 2016"]
[Site "Sochi RUS"]
[Date "2016.10.03"]
[Round "7.8"]
[White "Romanov, Evgeny"]
[Black "Glek, Igor"]
[Result "1/2-1/2"]
[WhiteTitle "GM"]
[BlackTitle "GM"]
[WhiteElo "2619"]
[BlackElo "2377"]
[WhiteFideId "4148843"]
[BlackFideId "4100484"]
[EventDate "2016.10.02"]

1. d4 e6 2. c4 f5 3. Nc3 Bb4 4. e3 Bxc3+ 5. bxc3 Nf6 6. Bd3 d6 7. Ne2 c5 8. O-O
O-O 9. Ng3 Nc6 10. e4 cxd4 11. cxd4 Nxd4 12. Bb1 f4 13. Bxf4 e5 14. Be3 Nc6 15.
c5 dxc5 16. Bxc5 Qxd1 17. Rxd1 Re8 18. Bc2 Be6 19. Nf5 Bxf5 20. exf5 Red8 21.
Ba4 Ne4 22. Bb3+ Kh8 23. Rxd8+ Rxd8 24. Be3 Nd4 25. g4 b5 26. Kg2 a5 27. Bf7 Nd6
28. Be6 Nxe6 29. fxe6 Re8 30. Rc1 Nc4 31. Rd1 h6 32. Rd5 b4 33. Rc5 Nxe3+ 34.
fxe3 Rxe6 35. Rxa5 Rc6 36. Kf3 Rc2 37. h4 Rh2 38. h5 Kh7 39. Ra4 Rh3+ 40. Ke4
Rg3 41. Kf5 Rxe3 42. Rxb4 Ra3 43. Kxe5 1/2-1/2

[Event "ch-RUS Rapid 2016"]
[Site "Sochi RUS"]
[Date "2016.10.03"]
[Round "7.9"]
[White "Paravyan, David"]
[Black "Bologan, Victor"]
[Result "0-1"]
[WhiteTitle "IM"]
[BlackTitle "GM"]
[WhiteElo "2528"]
[BlackElo "2640"]
[WhiteFideId "4194985"]
[BlackFideId "13900048"]
[EventDate "2016.10.02"]

1. e4 g6 2. d4 Bg7 3. Nf3 d6 4. Be2 c5 5. d5 Nf6 6. Nc3 O-O 7. O-O a6 8. a4 e6
9. Bg5 h6 10. Bh4 g5 11. Bg3 exd5 12. exd5 Nh5 13. Nd2 Nxg3 14. fxg3 Nd7 15. Bg4
Rb8 16. a5 Ne5 17. Bxc8 Rxc8 18. g4 Qd7 19. Rf5 Ng6 20. Nde4 Qe7 21. g3 Rce8 22.
Qf1 Qd8 23. Kg2 Re5 24. Ra4 Qe7 25. Rxe5 Nxe5 26. Qf5 Qd8 27. h3 Re8 28. Qf1 Ng6
29. Nd1 Bd4 30. Ndf2 Re5 31. c3 Bxf2 32. Qxf2 Kg7 33. b3 Rxd5 34. Ra1 Qe7 35.
Qf3 0-1

[Event "ch-RUS Rapid 2016"]
[Site "Sochi RUS"]
[Date "2016.10.03"]
[Round "7.10"]
[White "Potapov, Alexander1"]
[Black "Shaposhnikov, Evgeny"]
[Result "0-1"]
[WhiteTitle "GM"]
[BlackTitle "GM"]
[WhiteElo "2402"]
[BlackElo "2557"]
[WhiteFideId "4115074"]
[BlackFideId "4122232"]
[EventDate "2016.10.02"]

1. d4 Nf6 2. c4 e6 3. Nc3 Bb4 4. g3 d6 5. Bg2 O-O 6. Nf3 Bxc3+ 7. bxc3 Nbd7 8.
O-O Rb8 9. Re1 b6 10. e4 Bb7 11. Nh4 e5 12. Nf5 Re8 13. d5 Ba6 14. Bf1 Nc5 15.
Qf3 Bc8 16. g4 Nfd7 17. g5 Nf8 18. h4 Ng6 19. h5 Bxf5 20. Qxf5 Nf4 21. Bxf4 g6
22. hxg6 fxg6 23. Qg4 exf4 24. Qxf4 Re5 25. Re3 Qxg5+ 26. Qxg5 Rxg5+ 27. Bg2 Rf8
28. Rf1 Rf4 29. f3 Nd7 30. Kf2 Ne5 31. Bh3 Nxc4 32. Re2 Kg7 33. Bc8 Rf8 34. Bh3
Ne5 35. Ke3 Rh5 36. Be6 Rh4 37. f4 g5 38. Rg2 h6 39. f5 Kf6 40. Kd4 Rh3 41. Rd1
g4 42. a4 a5 43. Re2 h5 44. Re3 Rh2 45. c4 Ra2 46. Rh1 Rxa4 47. Rc3 Kg5 48. Rf1
Rf6 0-1

[Event "ch-RUS Rapid 2016"]
[Site "Sochi RUS"]
[Date "2016.10.03"]
[Round "7.11"]
[White "Kryakvin, Dmitry"]
[Black "Popov, Ivan RUS"]
[Result "1-0"]
[WhiteTitle "GM"]
[BlackTitle "GM"]
[WhiteElo "2554"]
[BlackElo "2596"]
[WhiteFideId "4153278"]
[BlackFideId "4170350"]
[EventDate "2016.10.02"]

1. d4 g6 2. c4 Bg7 3. e4 d6 4. Nc3 e5 5. d5 Nd7 6. Bd3 Nc5 7. Bc2 a5 8. Nge2 Nf6
9. O-O O-O 10. Rb1 Nh5 11. a3 f5 12. exf5 gxf5 13. b4 axb4 14. axb4 Nd7 15. Ng3
Nxg3 16. hxg3 e4 17. Nb5 Ne5 18. c5 Bd7 19. Nd4 Qf6 20. Ne6 Bxe6 21. dxe6 Qxe6
22. Bb3 Nc4 23. Bf4 Rac8 24. cxd6 cxd6 25. Qxd6 Qxd6 26. Bxd6 Rf6 27. Bc5 b5 28.
Rfc1 Rfc6 29. Bxc4+ bxc4 30. Rxc4 Bf8 31. Rbc1 Kf7 32. Kf1 h5 33. Ke2 Ke6 34. f3
exf3+ 35. Kxf3 Kf7 36. R4c3 Bg7 37. Rd3 Bf8 38. Rc4 Bxc5 39. Rdc3 Bxb4 40. Rxc6
Bxc3 41. Rxc8 Be5 42. Rc6 Kg7 43. Re6 Bb8 44. Rb6 Be5 45. Rc6 1-0

[Event "ch-RUS Rapid 2016"]
[Site "Sochi RUS"]
[Date "2016.10.03"]
[Round "7.12"]
[White "Khairullin, Ildar"]
[Black "Sharafiev, Azat"]
[Result "1-0"]
[WhiteTitle "GM"]
[BlackTitle "IM"]
[WhiteElo "2630"]
[BlackElo "2418"]
[WhiteFideId "4151348"]
[BlackFideId "4186214"]
[EventDate "2016.10.02"]

1. e4 e5 2. Nf3 Nc6 3. Bc4 Bc5 4. O-O Nf6 5. d3 d6 6. c3 Bg4 7. a4 a5 8. Nbd2
O-O 9. h3 Bh5 10. Re1 Re8 11. Nf1 Bb6 12. Ng3 Bg6 13. Bb3 Nh5 14. Nf1 h6 15. g3
Nf6 16. Be3 Bxe3 17. Nxe3 Ne7 18. Nh4 Bh7 19. Qf3 Rf8 20. Ng4 Nxg4 21. hxg4 Kh8
22. Kg2 f6 23. d4 c6 24. dxe5 dxe5 25. Qe3 Qc7 26. Nf5 Rfd8 27. Rad1 Rxd1 28.
Rxd1 Nxf5 29. gxf5 Rd8 30. Rxd8+ Qxd8 31. Qa7 Bg8 32. Bxg8 Qxg8 33. Qxa5 Qc4 34.
Qb4 Qe2 35. b3 Kh7 36. a5 h5 37. Qc4 Qc2 38. b4 h4 39. gxh4 Qd1 40. Kg3 Qd2 41.
Kf3 Qf4+ 42. Ke2 Qg4+ 43. Ke1 Qg1+ 44. Qf1 Qg4 45. Qe2 Qxh4 46. Qf3 Qg5 47. Kd1
Qg1+ 48. Kc2 Qf1 49. Kb3 Kg8 50. Qe3 Kh7 51. f3 Kg8 52. Kc2 Kh7 53. Qd3 Qf2+ 54.
Kb3 Kh8 55. c4 Qe1 56. Qc3 Qb1+ 57. Ka3 Kh7 58. Qb2 Qd3+ 59. Qb3 Qd2 60. Ka4 Qc1
61. b5 Qa1+ 62. Kb4 c5+ 63. Kxc5 Qxa5 64. Qd1 Qa7+ 65. Kb4 b6 66. Qd6 Qa5+ 67.
Kb3 Kh6 68. Qf8 Kh7 69. Qd8 Qa7 70. c5 bxc5 71. Kc4 Qa3 72. Qd3 Qb4+ 73. Kd5 Kh6
74. Qc4 Qa3 75. b6 Qa8+ 76. Kxc5 Kg5 77. Kb5 Kf4 78. Qd5 Qe8+ 79. Qc6 Qf7 80. b7
Qb3+ 81. Ka6 Kxf3 82. Ka7 Qa3+ 83. Kb8 Qe7 84. Kc8 Qf8+ 85. Kd7 Qf7+ 86. Kd6
Qf8+ 87. Ke6 g5 88. Qc7 g4 89. b8=Q 1-0

[Event "ch-RUS Rapid 2016"]
[Site "Sochi RUS"]
[Date "2016.10.03"]
[Round "7.13"]
[White "Potapov, Pavel"]
[Black "Vitiugov, Nikita"]
[Result "1/2-1/2"]
[WhiteTitle "GM"]
[BlackTitle "GM"]
[WhiteElo "2493"]
[BlackElo "2721"]
[WhiteFideId "4169786"]
[BlackFideId "4152956"]
[EventDate "2016.10.02"]

1. e4 g6 2. d4 Bg7 3. Nc3 d6 4. Be3 a6 5. Qd2 Nd7 6. Bd3 Ngf6 7. h3 O-O 8. Nf3
c5 9. Bh6 cxd4 10. Nxd4 Qb6 11. Nb3 Ne5 12. Bxg7 Kxg7 13. f4 Nxd3+ 14. Qxd3 Be6
15. O-O-O Rac8 16. g4 Bc4 17. Qd4 Qxd4 18. Nxd4 e5 19. Nf3 exf4 20. Rxd6 Rfd8
21. Rhd1 Rxd6 22. Rxd6 h6 23. e5 Nh7 24. Rd7 b5 25. Ne4 Nf8 26. Re7 Bd5 27. Nd6
Rd8 28. Nd4 Kg8 29. Kd2 Nd7 30. Nxf7 Kf8 31. Nxd8 Kxe7 32. N8c6+ Bxc6 33. Nxc6+
Ke6 34. Nb4 Nc5 35. Nc6 g5 36. Ke2 Kd5 37. Nd8 Kxe5 38. Nf7+ Ke4 39. Nd6+ Ke5
40. Nf7+ Kf6 41. Nxh6 Na4 42. Nf5 Nxb2 43. Nd6 Ke5 44. Nf7+ Kf6 45. Nd6 Nc4 46.
Ne4+ Kg6 47. c3 Ne3 48. Nc5 a5 49. Ne4 Nd5 50. a3 b4 51. cxb4 axb4 52. axb4 Nxb4 1/2-1/2

[Event "ch-RUS Rapid 2016"]
[Site "Sochi RUS"]
[Date "2016.10.03"]
[Round "7.14"]
[White "Savchenko, Boris"]
[Black "Matinian, Nikita"]
[Result "1-0"]
[WhiteTitle "GM"]
[BlackTitle "IM"]
[WhiteElo "2613"]
[BlackElo "2495"]
[WhiteFideId "4147332"]
[BlackFideId "24129100"]
[EventDate "2016.10.02"]

1. e4 c5 2. Nf3 d6 3. d4 cxd4 4. Nxd4 Nf6 5. Nc3 a6 6. Bg5 Nbd7 7. Qe2 h6 8.
Bxf6 Nxf6 9. O-O-O Qc7 10. e5 dxe5 11. Ndb5 axb5 12. Nxb5 Qa5 13. Qxe5 Nd7 14.
Nd6+ Kd8 15. Nxf7+ Ke8 16. Qxa5 Rxa5 17. Nxh8 g5 18. Ng6 Bg7 19. Bc4 Nb6 20.
Rhe1 Bf6 21. Rd6 Nd7 22. Nxe7 Nb8 1-0

[Event "ch-RUS Rapid 2016"]
[Site "Sochi RUS"]
[Date "2016.10.03"]
[Round "7.15"]
[White "Khismatullin, Denis"]
[Black "Lugovskoy, Maxim"]
[Result "0-1"]
[WhiteTitle "GM"]
[BlackTitle "IM"]
[WhiteElo "2617"]
[BlackElo "2436"]
[WhiteFideId "4142578"]
[BlackFideId "24126454"]
[EventDate "2016.10.02"]

1. Nf3 d5 2. g3 g6 3. Bg2 Bg7 4. d4 Nf6 5. c4 dxc4 6. Na3 c3 7. bxc3 O-O 8. O-O
c5 9. Re1 Nc6 10. Bb2 cxd4 11. cxd4 Nd5 12. e4 Nb6 13. Rb1 Bg4 14. Nc2 Nc4 15.
Bc3 Qd7 16. Qe2 Nb6 17. Red1 Rac8 18. Ne3 Bxf3 19. Bxf3 Na4 20. Ba1 Nxd4 21.
Bxd4 Bxd4 22. Rb3 Nc5 23. Rb4 e5 24. Bg4 Ne6 25. Nd5 f5 26. exf5 Qxd5 27. Bf3
Qd6 28. Rxb7 Ng5 29. Bg2 Rxf5 30. Rf1 Rf7 31. h4 Rxb7 32. Bxb7 Rc7 33. Bg2 Ne6
34. Kh2 Kg7 35. Rb1 Rf7 36. Rf1 Nc5 37. Qd2 Qf6 38. f4 e4 39. Rd1 e3 40. Qc2 Re7
41. Bf3 Ne6 42. Qc4 Rc7 43. Qb3 Qf5 44. Rd3 Nc5 45. Qb8 Rd7 46. Rd1 Qc2+ 47. Kh3
Nd3 48. Rb1 Nf2+ 49. Kg2 Ng4+ 0-1

[Event "ch-RUS Rapid 2016"]
[Site "Sochi RUS"]
[Date "2016.10.03"]
[Round "7.16"]
[White "Ponkratov, Pavel"]
[Black "Zakhartsov, Vladimir"]
[Result "0-1"]
[WhiteTitle "GM"]
[BlackTitle "IM"]
[WhiteElo "2589"]
[BlackElo "2452"]
[WhiteFideId "4157800"]
[BlackFideId "4145097"]
[EventDate "2016.10.02"]

1. c4 e5 2. Nc3 Nf6 3. Nf3 Nc6 4. a3 g6 5. b4 d6 6. b5 Ne7 7. d3 Bg7 8. Rb1 O-O
9. g3 d5 10. cxd5 Nexd5 11. Nxd5 Nxd5 12. Bb2 Qe7 13. Nd2 a6 14. Bg2 Nb6 15.
bxa6 Rxa6 16. O-O Na4 17. Ba1 c6 18. Qc1 Be6 19. Nc4 Bd5 20. Rb4 Bxg2 21. Kxg2
b5 22. Nxe5 c5 23. Re4 Re6 24. Qe3 Re8 25. Ng4 Rxe4 26. dxe4 Bxa1 27. Rxa1 h5
28. Nh6+ Kg7 29. g4 Qxe4+ 30. Qxe4 Rxe4 31. g5 f6 32. Kf3 Re5 33. gxf6+ Kxh6 34.
e4 Re6 0-1

[Event "ch-RUS Rapid 2016"]
[Site "Sochi RUS"]
[Date "2016.10.03"]
[Round "7.17"]
[White "Zablotsky, Sergei"]
[Black "Chigaev, Maksim"]
[Result "1-0"]
[WhiteTitle "GM"]
[BlackTitle "IM"]
[WhiteElo "2518"]
[BlackElo "2551"]
[WhiteFideId "4131606"]
[BlackFideId "4108116"]
[EventDate "2016.10.02"]

1. d4 g6 2. c4 Bg7 3. Nc3 d6 4. e4 Nf6 5. Nf3 O-O 6. h3 c5 7. d5 e6 8. Bd3 exd5
9. exd5 Re8+ 10. Be3 Bh6 11. O-O Bxe3 12. fxe3 Nbd7 13. e4 Qe7 14. Rf2 Rf8 15.
Qd2 Ne8 16. Qf4 f6 17. Raf1 Kg7 18. Be2 b6 19. h4 Ne5 20. Nxe5 Qxe5 21. g4 Qe7
22. Kh2 Bd7 23. g5 a6 24. a4 Qe5 25. Kg3 Ra7 26. h5 f5 27. Bd3 Kg8 28. h6 Qe7
29. Kh4 Bc8 30. Qg3 Qd8 31. exf5 gxf5 32. Bxf5 Raf7 33. Bxh7+ 1-0